000 00938cam a22002893a 4500
001 16409733
003 OSt
005 20140310184248.0
008 960429t19961946nyu 000 1 eng d
010 _a 97815303
020 _a0451526341 (pbk.) :
_c$5.95
035 _a(OCoLC)ocm34645200
040 _aOCO
_cOCO
_dSVP
_dNRM
_dOCL
_dDLC
050 0 0 _aPR 6029.R8
_b.Or79 1946
100 1 _aOrwell, George,
_d1903-1950.
_927594
245 1 0 _aAnimal farm :
_ba fairy story /
_cby George Orwell ; preface by Russell Baker ; introduction by C.M. Woodhouse.
260 _aNew York, NY :
_bSignet Classic,
_c[1996]
300 _a140 p. ;
_c18 cm.
521 _aG10
526 _c1170
650 0 _aTotalitarianism
_vFiction.
_927595
710 2 _aCopyright Paperback Collection (Library of Congress)
_5DLC
_9705
906 _a7
_bcbc
_ccopycat
_d2
_encip
_f19
_gy-genrareb
942 _2lcc
_cBK-SCHOLAS
999 _c33345
_d33345